Statistiques concernant Paroles - Hamza Mi amor

Cliquez ici pour prendre le quiz!

Statistiques générales

  • Ce quiz a été pris 139 fois
  • Le résultat moyen est 280 sur 463

Statistiques - réponses

Réponse% Correct
À
97%
à
97%
a
97%
la
96%
On
95%
on
95%
J'ai
90%
j'ai
90%
Mi
89%
mi
89%
sa
88%
amor
87%
Amor
87%
dans
87%
ta
85%
ça
83%
peine
83%
porte
83%
ouvre
82%
chambre
81%
elle
80%
Elle
80%
le
80%
sent
80%
de
79%
De
79%
ces
78%
danse
78%
ton
78%
weed
78%
dont
76%
façon
76%
J'aime
76%
j'aime
76%
prend
76%
ma
75%
que
75%
Hermès
74%
me
73%
robe
73%
Avec
72%
billets
72%
mort
72%
Sac
72%
bitch
71%
du
70%
Je
70%
je
70%
muerte
70%
pense
69%
tu
69%
Tu
69%
violets
69%
bord
68%
quatre
68%
Quatre
68%
tape
68%
toutes
68%
cinq
67%
remplit
67%
Mais
65%
mais
65%
comme
64%
vice
63%
c'est
62%
qui
61%
un
61%
Un
61%
balles
60%
block
58%
comment
58%
tarpé
58%
qu'on
57%
m'appelle
55%
s'appelle?
55%
s'appelle
55%
prendre
54%
veut
54%
des
53%
Des
53%
dit
52%
est
52%
sur
52%
quand
51%
sœur
51%
connais
50%
toi
50%
miser
49%
si
49%
diable
47%
Une
47%
une
47%
autre
46%
qu'elle
46%
aille
45%
citadelle
45%
fort
45%
Oui
45%
plus
45%
raison
45%
you-voi
45%
booty
44%
déguisé
44%
l'ascenseur
44%
l'club
44%
pute
44%
Yeah
44%
yeah
44%
et
43%
Et
43%
maison
43%
peu
43%
il
42%
p'tite
42%
tentations
42%
T'es
42%
ne
41%
d'alcool
40%
Meuf
40%
moi
39%
Allons
38%
donne
37%
est-ce
37%
J'crois
37%
mon
37%
par
37%
baby
36%
négro
36%
pas
36%
les
35%
cœur
32%
J'roule
31%
oh
31%
4-5
30%
danses
30%
jeune
30%
Jeune
30%
l'gun
30%
minimum
30%
s'prendre
30%
vas
30%
auto
29%
l'Cayenne
28%
Pour
27%
you-vois
27%
intégral
26%
mitraille
26%
Vrai
26%
fessier
25%
ta robe
25%
vais
25%
choses
24%
fais
24%
gros
24%
Cuir
23%
mes
22%
qu'tu
22%
comptes
21%
faut
21%
taffe
20%
fait
19%
font
19%
mill
19%
stoppes
18%
connaît
17%
déchiffrer
17%
impossible
17%
oseille
17%
saveur
17%
sous
16%
code
15%
J'les
15%
j'y
15%
pompes
15%
"bla bla bla bla"
14%
négros
14%
tant
13%
baiser
11%
qu'vais
11%
Rich
11%
Bébé
10%
cherches
10%
Hey
10%
Homie
10%
îles
10%
neuf
10%
game
9%
nigga
8%
pah
6%
wow
6%

Distribution des résultats

Percentile par nombre de réponses

% des personnes avec chaque résultat

Votre développement - résultats

Vous n’avez pas pris ce quiz